000 01058nam0a2200277 4500
001 RU\NLR\bibl\1179409
005 20260406082340.0
010 _a978-5-386-00224-4
_97000
021 _aRU
_b2007-84349
_94547
035 _a(NLR Aleph) 001166021
090 _a1567459
_c1567459
100 _a20080124d2008 |||y0rusy50 ca
101 0 _arus
102 _aRU
105 _ay |||||||||
200 1 _aСекретные результаты опытов клонирования
_eсколько их среди нас?
_f[ред.-сост. Зайцева И.А.]
210 _aМосква
_cРИПОЛ классик
_d2008
215 _a254, [1] с.
_d21
606 1 _aКлонирование
_jПопулярные издания
_91007146
_3RU\NLR\auth\6665118
686 _aЕ041.12я9
702 1 _4220
_8rus
_7ca
_aЗайцева
_bИ. А.
_cпопуляризатор
_gИрина Александровна
_3RU\NLR\auth\7747416
_930351
801 0 _aRU
_bNLR
_c20080124
_gRCR
801 1 _aRU
_bNLR
_c20080124
942 _cBOOK
980 _aNB